| 000 | 00522nam a2200169Ia 4500 | ||
|---|---|---|---|
| 999 |
_c8026 _d8026 |
||
| 003 | OSt | ||
| 005 | 20200811111927.0 | ||
| 008 | 190216s9999||||xx |||||||||||||| ||und|| | ||
| 020 | _a9788125952053 | ||
| 040 | _coclc | ||
| 082 |
_a001.42 _bCHA/R |
||
| 100 |
_aChawla, Deepak _94037 |
||
| 245 | 0 |
_aResearch Methodology : _bConcepts and Cases / _cDeepak Chawla ; Neena Sondhi |
|
| 260 |
_bVikas Publishing House, _c2011. _aNew Delhi: |
||
| 300 | _a670p | ||
| 942 |
_cBK _2ddc _h001.42 _iCHA/R _k001.42 _mCHA/R |
||